[Event "New Zealand Major Open 2016"]
[Site "Devonport, Auckland NZL"]
[Date "2016.01.02"]
[Round "1.1"]
[White "Krstev, Antonio"]
[Black "Song, Kate"]
[Result "1-0"]
[WhiteElo "2046"]
[BlackElo "1587"]
[PlyCount "99"]
[EventDate "2016.01.02"]

1. d4 d5 2. c4 e6 3. Nc3 Bb4 4. e3 Nf6 5. Bd2 O-O 6. Bd3 b6 7. cxd5 Nxd5 8. e4
Nxc3 9. bxc3 Ba5 10. Ne2 Ba6 11. Bxa6 Nxa6 12. O-O c5 13. Be3 Rc8 14. Rc1 h6
15. f4 Re8 16. Qa4 Qd6 17. Rfd1 Qc6 18. Qxc6 Rxc6 19. Kf2 b5 20. d5 exd5 21.
exd5 Rd6 22. a4 bxa4 23. Ra1 Re4 24. f5 Rc4 25. Bf4 Rd7 26. d6 Nb8 27. Ke3 Bxc3
28. Rab1 Bb4 29. Kd3 Rxf4 30. Nxf4 Rxd6+ 31. Kc4 Rd7 32. Nd5 a5 33. Nb6 Rxd1
34. Rxd1 Nc6 35. Nxa4 Ne5+ 36. Kb5 c4 37. Rd5 Ng4 38. Rd8+ Kh7 39. Kxc4 Ne3+
40. Kd3 Nxg2 41. Ke4 g6 42. Nb6 Kg7 43. Nd5 Be1 44. f6+ Kh7 45. Rf8 Nh4 46.
Rxf7+ Kg8 47. Rg7+ Kf8 48. Nc7 Bc3 49. Ne6+ Ke8 50. Re7# 1-0

[Event "New Zealand Major Open 2016"]
[Site "Devonport, Auckland NZL"]
[Date "2016.01.02"]
[Round "1.2"]
[White "Meng, Richard"]
[Black "Fuatai, Fuatai"]
[Result "0-1"]
[WhiteElo "1525"]
[BlackElo "1971"]
[PlyCount "108"]
[EventDate "2016.01.02"]

1. c4 Nf6 2. Nc3 d5 3. cxd5 Nxd5 4. g3 g6 5. Bg2 Nxc3 6. bxc3 Bg7 7. Rb1 c6 8.
Qc2 O-O 9. Nf3 Nd7 10. O-O Nc5 11. d3 h6 12. Be3 Nd7 13. Qd2 Kh7 14. Nh4 Nf6
15. Bd4 Qd7 16. h3 b6 17. Rfd1 Bb7 18. Nf3 Rac8 19. c4 c5 20. Bc3 Ba8 21. Kh2
Qc7 22. Be5 Ng4+ 23. hxg4 Bxe5 24. Nxe5 Qxe5 25. Bxa8 Rxa8 26. Kg2 Rh8 27. Rh1
Kg7 28. Qb2 Qf6 29. Qxf6+ Kxf6 30. f4 Rad8 31. Rb3 Kg7 32. Kf3 e5 33. Ra3 Rd7
34. Rb3 Re8 35. Rh2 e4+ 36. Kf2 Rd4 37. Rh1 exd3 38. exd3 Red8 39. Ke2 R8d7 40.
Ke3 R4d6 41. Ke2 Re6+ 42. Kf3 Rde7 43. Rf1 Kf8 44. Kg2 Ke8 45. Ra3 Kd8 46. Rf2
Kc8 47. Rb3 Re1 48. Ra3 Kb7 49. Rf1 a6 50. Kf2 R1e2+ 51. Kg1 R7e3 52. Rf2 Rxg3+
53. Kh2 Ree3 54. g5 h5 0-1

[Event "New Zealand Major Open 2016"]
[Site "Devonport, Auckland NZL"]
[Date "2016.01.02"]
[Round "1.3"]
[White "Kumar, Vinod"]
[Black "Tan, Teck Woon"]
[Result "1-0"]
[WhiteElo "1939"]
[BlackElo "1505"]
[PlyCount "69"]
[EventDate "2016.01.02"]

1. d4 Nf6 2. c4 e6 3. Nf3 Bb4+ 4. Bd2 Qe7 5. a3 Bxd2+ 6. Qxd2 b6 7. Nc3 Bb7 8.
Qc2 d6 9. e4 e5 10. dxe5 dxe5 11. Nd5 Nxd5 12. cxd5 O-O 13. Bb5 a6 14. Bc6 Nxc6
15. dxc6 Bc8 16. h3 f6 17. O-O Be6 18. Rfd1 Rfd8 19. b4 Rxd1+ 20. Qxd1 Rd8 21.
Qe2 Qe8 22. Rc1 Rd6 23. Qxa6 Rxc6 24. Rxc6 Qxc6 25. Qd3 Qd7 26. Qc2 Qd6 27. Qa4
Kf7 28. Kh2 Bd7 29. Qb3+ Qe6 30. Qc3 Qd6 31. Qb2 Qd3 32. Qd2 Bb5 33. Qc1 c6 34.
Nd2 Qxa3 35. Qxa3 1-0

[Event "New Zealand Major Open 2016"]
[Site "Devonport, Auckland NZL"]
[Date "2016.01.02"]
[Round "1.4"]
[White "Picken, Oliver"]
[Black "Wells, Clinton A"]
[Result "1/2-1/2"]
[WhiteElo "1480"]
[BlackElo "1931"]
[PlyCount "69"]
[EventDate "2016.01.02"]

1. d4 Nf6 2. c4 g6 3. Nc3 Bg7 4. e4 d6 5. Nf3 O-O 6. Be2 Nc6 7. Be3 Ng4 8. Qd2
Nxe3 9. fxe3 e5 10. d5 Ne7 11. O-O-O f5 12. h4 h5 13. Ng5 fxe4 14. Ncxe4 Bf5
15. Ng3 Qd7 16. Nxf5 Nxf5 17. g4 hxg4 18. Bxg4 Bh6 19. e4 Qa4 20. exf5 Qxc4+
21. Kb1 Qxg4 22. fxg6 Qf5+ 23. Ka1 Bxg5 24. hxg5 Qf2 25. Qxf2 Rxf2 26. Rh7 Rf5
27. Rdh1 Raf8 28. Rxc7 Rf1+ 29. Rc1 Rxh1 30. Rxh1 Kg7 31. Kb1 Rh8 32. Rf1 Rf8
33. Rc1 Kxg6 34. Rc7 Rf7 35. Rc8 1/2-1/2

[Event "New Zealand Major Open 2016"]
[Site "Devonport, Auckland NZL"]
[Date "2016.01.02"]
[Round "1.5"]
[White "Post, Martin J"]
[Black "Li, Rodney Xiang Rei"]
[Result "1/2-1/2"]
[WhiteElo "1883"]
[BlackElo "1479"]
[PlyCount "107"]
[EventDate "2016.01.02"]

1. Nf3 d5 2. d4 e6 3. e3 c5 4. c3 Nf6 5. Bd3 Nc6 6. Nbd2 Bd6 7. O-O O-O 8. e4
e5 9. exd5 Nxd5 10. Ne4 cxd4 11. cxd4 Nxd4 12. Nxd4 exd4 13. Bg5 Be7 14. Qh5
Bxg5 15. Nxg5 h6 16. Ne4 Nf4 17. Qf3 Nxd3 18. Qxd3 Qb6 19. Rfd1 Rd8 20. Rd2 Be6
21. Ng3 Rac8 22. Rc2 Rxc2 23. Qxc2 d3 24. Qd2 Qc7 25. Rc1 Qxc1+ 26. Qxc1 d2 27.
Qd1 Bxa2 28. Ne4 Bb3 29. Qxd2 Rxd2 30. Nxd2 Bd5 31. g3 Kf8 32. Kf1 Ke7 33. Ke2
Kd6 34. Kd3 Kc5 35. Kc3 a5 36. Nf1 b5 37. Ne3 b4+ 38. Kc2 a4 39. Kb1 a3 40.
bxa3 bxa3 41. f4 g5 42. fxg5 hxg5 43. h4 gxh4 44. gxh4 Kd6 45. h5 Bc6 46. Ka2
Ke6 47. Kxa3 Kf6 48. Ng4+ Kg5 49. Ne5 f5 50. Nxc6 f4 51. Nd4 Kxh5 52. Kb3 Kg4
53. Kc3 f3 54. Nxf3 1/2-1/2

[Event "New Zealand Major Open 2016"]
[Site "Devonport, Auckland NZL"]
[Date "2016.01.02"]
[Round "1.6"]
[White "Steadman, Mathew"]
[Black "Eade, Don"]
[Result "1-0"]
[WhiteElo "1473"]
[BlackElo "1874"]
[PlyCount "73"]
[EventDate "2016.01.02"]

1. f4 c5 2. Nf3 g6 3. g3 Bg7 4. Bg2 d5 5. O-O Nf6 6. d3 O-O 7. Qe1 Nc6 8. c3 d4
9. Na3 Re8 10. Nc4 Qc7 11. cxd4 cxd4 12. b3 b5 13. Na3 a6 14. Bb2 Ng4 15. Nc2
Bb7 16. h3 Ne3 17. Nxe3 dxe3 18. Bxg7 Kxg7 19. Qc1 Qb6 20. Rd1 Rad8 21. Qc3+ e5
22. fxe5 Nd4 23. Nxd4 Bxg2 24. Kxg2 Rxd4 25. e6 Rxe6 26. Rf1 Kg8 27. Rf3 Rd7
28. Raf1 Rc7 29. Qb2 Rec6 30. Qe5 Re6 31. Qb2 Qc5 32. a3 Ree7 33. Rb1 b4 34.
axb4 Qxb4 35. Rf4 Qd2 36. Rc4 Rcd7 37. Rc8+ 1-0

[Event "New Zealand Major Open 2016"]
[Site "Devonport, Auckland NZL"]
[Date "2016.01.02"]
[Round "1.7"]
[White "Aldridge, Alan L"]
[Black "Mathrani, Akarsh"]
[Result "1-0"]
[WhiteElo "1865"]
[BlackElo "1450"]
[PlyCount "59"]
[EventDate "2016.01.02"]

1. e4 c5 2. Nf3 e6 3. d4 cxd4 4. Nxd4 a6 5. Nc3 Qc7 6. Be2 h6 7. O-O Nf6 8. Kh1
d6 9. f4 Nbd7 10. Be3 Be7 11. Qe1 O-O 12. Qg3 Nc5 13. Bf3 Kh8 14. e5 dxe5 15.
fxe5 Nh7 16. Bh5 Bg5 17. Rae1 Bxe3 18. Rxe3 f6 19. b4 Bd7 20. bxc5 fxe5 21.
Ree1 Qxc5 22. Nb3 Qc4 23. Be2 Qc6 24. Nd2 Rac8 25. Nde4 Qc7 26. Bd3 b5 27. h4
Rg8 28. Qg6 Nf8 29. Rxf8 Rgxf8 30. Nf6 1-0

[Event "New Zealand Major Open 2016"]
[Site "Devonport, Auckland NZL"]
[Date "2016.01.02"]
[Round "1.8"]
[White "Qin, Oscar Shu Xuan"]
[Black "Bryan, Jason"]
[Result "0-1"]
[WhiteElo "1435"]
[BlackElo "1833"]
[PlyCount "94"]
[EventDate "2016.01.02"]

1. e4 e6 2. d4 d5 3. e5 c5 4. c3 Nc6 5. Nf3 Bd7 6. Be2 cxd4 7. Nxd4 Nxe5 8. Bf4
Ng6 9. Be3 e5 10. Nb3 Nf6 11. Bc5 Bxc5 12. Nxc5 Bc6 13. Nd2 Qe7 14. b4 O-O 15.
O-O Rad8 16. h3 Nd7 17. Ncb3 b6 18. c4 Qxb4 19. cxd5 Bxd5 20. Rc1 Nf6 21. f3
Bxb3 22. axb3 Qxd2 23. Qxd2 Rxd2 24. Bc4 Nf4 25. Rf2 Rfd8 26. Bf1 g6 27. Rxd2
Rxd2 28. Rc7 Rd7 29. Rc6 Kg7 30. Kh1 N6h5 31. Kh2 f5 32. Bb5 Re7 33. Bc4 g5 34.
g3 Ng6 35. Kg2 Nf6 36. Bd3 e4 37. Be2 exf3+ 38. Bxf3 Ne5 39. Rd6 Nxf3 40. Kxf3
Kf7 41. Rc6 h5 42. Rc8 Ke6 43. Rc6+ Ke5 44. Rc3 g4+ 45. hxg4 hxg4+ 46. Ke2 Kd4+
47. Kd2 Ne4+ 0-1

[Event "New Zealand Major Open 2016"]
[Site "Devonport, Auckland NZL"]
[Date "2016.01.02"]
[Round "1.9"]
[White "Rains, Timothy"]
[Black "Yan, Sarah"]
[Result "1-0"]
[WhiteElo "1819"]
[BlackElo "1362"]
[PlyCount "55"]
[EventDate "2016.01.02"]

1. d4 d5 2. c4 e6 3. Nc3 Nf6 4. Nf3 c6 5. Bg5 Be7 6. e3 O-O 7. Rc1 a6 8. Ne5
Nbd7 9. Bf4 Nxe5 10. dxe5 Nd7 11. Qg4 f5 12. Qg3 Kh8 13. h4 h6 14. h5 Qe8 15.
Be2 Nb6 16. cxd5 cxd5 17. Qg6 Bd7 18. Bxh6 Qxg6 19. hxg6 gxh6 20. Rxh6+ Kg7 21.
Rh7+ Kxg6 22. Rxe7 Rad8 23. Kd2 Rh8 24. g4 fxg4 25. Bd3+ Kg5 26. Rg7+ Kh6 27.
Rg6+ Kh5 28. Rh1# 1-0

[Event "New Zealand Major Open 2016"]
[Site "Devonport, Auckland NZL"]
[Date "2016.01.02"]
[Round "1.10"]
[White "Zhang, Leo Li Ao"]
[Black "Lyall, Simon"]
[Result "0-1"]
[WhiteElo "1361"]
[BlackElo "1811"]
[PlyCount "60"]
[EventDate "2016.01.02"]

1. d4 d5 2. Nf3 Nf6 3. Bf4 Bf5 4. e3 e6 5. c3 c6 6. Nbd2 Nbd7 7. h3 c5 8. Ne5
c4 9. Be2 Be7 10. b3 Nxe5 11. Bxe5 b5 12. a4 a6 13. axb5 axb5 14. bxc4 bxc4 15.
O-O O-O 16. Rxa8 Qxa8 17. Qa1 Ne4 18. Nxe4 Bxe4 19. Bc7 Qa3 20. Qc1 Rc8 21.
Qxa3 Bxa3 22. Bb6 Rb8 23. Ba5 Rb3 24. Bd1 Rb5 25. Bc7 Bb2 26. Ba4 Rb7 27. Be5
Bxc3 28. f3 Bd3 29. Rc1 Bd2 30. Ra1 Bxe3+ 0-1

[Event "New Zealand Major Open 2016"]
[Site "Devonport, Auckland NZL"]
[Date "2016.01.02"]
[Round "1.11"]
[White "Gallage K G, Roshan"]
[Black "Zhang, Jennifer"]
[Result "1-0"]
[WhiteElo "1800"]
[BlackElo "1356"]
[PlyCount "107"]
[EventDate "2016.01.02"]

1. e4 e5 2. Nf3 Nc6 3. Bc4 Bc5 4. Nc3 Nf6 5. d3 h6 6. Be3 Bb6 7. Qd2 d6 8. h3
Bd7 9. a3 Nd4 10. Bxd4 exd4 11. Ne2 c5 12. O-O O-O 13. e5 dxe5 14. Nxe5 Bf5 15.
Ng3 Bh7 16. b4 Bc7 17. Nf3 b6 18. Rfe1 Nd5 19. Bxd5 Qxd5 20. Re2 Rfe8 21. Rae1
Qc6 22. Ne5 Qb5 23. Nc4 a5 24. bxc5 bxc5 25. Ne4 Re6 26. Ned6 Bxd6 27. Rxe6
fxe6 28. Nxd6 Qd7 29. Nc4 Qf7 30. Qe2 Ra6 31. Qe5 Qf6 32. Qb8+ Qf8 33. Qb7 Qa8
34. Qe7 Qc8 35. Nd6 Qf8 36. Qxe6+ Kh8 37. Nf7+ Kg8 38. Nxh6+ Kh8 39. Qxa6 gxh6
40. Qxa5 Bf5 41. Qb5 Qg8 42. Re8 Qxe8 43. Qxe8+ Kg7 44. a4 Bg6 45. Qe5+ Kf7 46.
Qxc5 Ke8 47. a5 Kd8 48. a6 Be8 49. a7 Bd7 50. a8=R+ Bc8 51. Rxc8+ Kd7 52. Rc7+
Kd8 53. Qb6 Ke8 54. Qb8# 1-0

[Event "New Zealand Major Open 2016"]
[Site "Devonport, Auckland NZL"]
[Date "2016.01.02"]
[Round "1.12"]
[White "Qin, Nicole Shu Yu"]
[Black "Booth, Anthony J"]
[Result "1/2-1/2"]
[WhiteElo "1329"]
[BlackElo "1766"]
[PlyCount "95"]
[EventDate "2016.01.02"]

1. d4 d5 2. c4 c6 3. Nc3 Nf6 4. Nf3 g6 5. Bf4 Bg7 6. e3 O-O 7. h3 Qa5 8. Qd2
Re8 9. cxd5 Nxd5 10. Nxd5 Qxd2+ 11. Nxd2 cxd5 12. Nf3 Nc6 13. Bb5 Bd7 14. Bxc6
Bxc6 15. O-O Rac8 16. Rac1 Bb5 17. Rfd1 Be2 18. Re1 Bxf3 19. gxf3 f6 20. Bg3 e5
21. dxe5 fxe5 22. Rxc8 Rxc8 23. Re2 Rc1+ 24. Kg2 Kf7 25. Rd2 Ke6 26. f4 e4 27.
f3 Rb1 28. fxe4 dxe4 29. b3 Rb2 30. Rxb2 Bxb2 31. Kf2 Kd5 32. Ke2 Kc5 33. Be1
b5 34. Kd1 b4 35. Ke2 a5 36. Bh4 Kb5 37. Kf1 a4 38. Bf2 axb3 39. axb3 Bf6 40.
Kg2 Kc6 41. Kg3 Kd5 42. h4 Ke6 43. Kh3 Kf5 44. Kg3 h6 45. Bg1 g5 46. hxg5 hxg5
47. fxg5 Kxg5 48. Kh3 1/2-1/2

[Event "New Zealand Major Open 2016"]
[Site "Devonport, Auckland NZL"]
[Date "2016.01.02"]
[Round "1.13"]
[White "Chandraveer, Singh Chauhan"]
[Black "Blackmore, Matthew"]
[Result "1/2-1/2"]
[WhiteElo "1750"]
[BlackElo "1279"]
[PlyCount "76"]
[EventDate "2016.01.02"]

1. e4 e5 2. Nf3 Nc6 3. Bc4 d6 4. O-O Bg4 5. h3 Bh5 6. d3 h6 7. Nc3 Nf6 8. Be3
Be7 9. Nd5 Nxd5 10. Bxd5 O-O 11. c3 Rb8 12. d4 Bf6 13. Qe2 Ne7 14. Bb3 b6 15.
dxe5 Bxe5 16. Rad1 Bxf3 17. Qxf3 Ng6 18. Qg4 Kh7 19. f4 Bf6 20. e5 Be7 21. Bc2
Qc8 22. Bf5 Qe8 23. e6 fxe6 24. Bc2 Rf6 25. Bd4 e5 26. fxe5 dxe5 27. Bxe5 Rxf1+
28. Rxf1 Bc5+ 29. Bd4 Bxd4+ 30. cxd4 Rd8 31. Rf3 Rd6 32. Rg3 Qc6 33. Qf5 Rf6
34. Qd3 Qd6 35. h4 h5 36. Rg5 Kh6 37. Qd1 Nf4 38. g3 Nh3+ 1/2-1/2

[Event "New Zealand Major Open 2016"]
[Site "Devonport, Auckland NZL"]
[Date "2016.01.02"]
[Round "1.14"]
[White "Vincent, David A"]
[Black "Michael, Andrew"]
[Result "1/2-1/2"]
[WhiteElo "1273"]
[BlackElo "1741"]
[PlyCount "62"]
[EventDate "2016.01.02"]

1. c4 c5 2. Nc3 Nc6 3. g3 g6 4. Bg2 Bg7 5. e4 d6 6. d3 e6 7. Nge2 Nge7 8. O-O
O-O 9. Be3 Nd4 10. f4 f5 11. Qd2 Rb8 12. Rab1 Bd7 13. Bxd4 cxd4 14. Nb5 Qb6 15.
a4 a6 16. a5 Qc5 17. b4 Qc8 18. Nxd6 Qd8 19. e5 Bc6 20. Nxd4 Qd7 21. Nxc6 bxc6
22. d4 Nc8 23. c5 Na7 24. Rfd1 Rfd8 25. Bf1 Nb5 26. Bxb5 axb5 27. Ra1 h5 28. h4
Ra8 29. Ra3 Ra6 30. Qa2 Kh7 31. Qc2 Kg8 1/2-1/2

[Event "New Zealand Major Open 2016"]
[Site "Devonport, Auckland NZL"]
[Date "2016.01.02"]
[Round "1.15"]
[White "Goh, Sean Christian"]
[Black "Mallela, Raivath"]
[Result "1-0"]
[WhiteElo "1739"]
[BlackElo "1265"]
[PlyCount "123"]
[EventDate "2016.01.02"]

1. e4 c5 2. Nf3 e6 3. d3 Nc6 4. Nbd2 Nge7 5. g3 g6 6. Bg2 Bg7 7. O-O O-O 8. c3
d5 9. Re1 Qc7 10. exd5 Nxd5 11. Nb3 b6 12. d4 cxd4 13. Nfxd4 Nxd4 14. Nxd4 Bb7
15. Be3 Nxe3 16. Rxe3 Bxg2 17. Kxg2 Rfd8 18. Qf3 Bxd4 19. cxd4 Rac8 20. Rc3 Qd7
21. Rd1 Kg7 22. Rdc1 Rxc3 23. bxc3 Qd5 24. Qxd5 Rxd5 25. Kf3 Kf6 26. Ke4 Ra5
27. Rc2 Kg5 28. c4 f5+ 29. Kd3 Ra3+ 30. Kd2 Kf6 31. Rb2 Rf3 32. Ke2 Rc3 33. Rb4
Rc2+ 34. Kd3 Rxa2 35. c5 bxc5 36. dxc5 Ra6 37. Rb7 Rc6 38. Kc4 Ke5 39. Kb5 Rc8
40. Rxa7 h5 41. Kb6 g5 42. c6 f4 43. Kb7 Rh8 44. c7 fxg3 45. fxg3 Kf5 46. c8=Q
Rxc8 47. Kxc8 Kg4 48. Kd7 e5 49. Ra4+ Kf3 50. Ra3+ Kg4 51. Re3 Kf5 52. Kd6 e4
53. Kd5 h4 54. Rxe4 hxg3 55. hxg3 g4 56. Rf4+ Kg5 57. Ke6 Kh5 58. Kf6 Kh6 59.
Rf5 Kh7 60. Kf7 Kh6 61. Re5 Kh7 62. Rh5# 1-0

[Event "New Zealand Major Open 2016"]
[Site "Devonport, Auckland NZL"]
[Date "2016.01.02"]
[Round "1.16"]
[White "Li, Leo Xiang Yu"]
[Black "Mukkattu, Philip"]
[Result "0-1"]
[WhiteElo "1222"]
[BlackElo "1733"]
[PlyCount "94"]
[EventDate "2016.01.02"]

1. e4 c6 2. d4 d5 3. e5 c5 4. dxc5 Qa5+ 5. Nc3 e6 6. a3 Bxc5 7. Bd2 Qb6 8. Nh3
Bd4 9. Bd3 Qxb2 10. Rb1 Qxa3 11. Rb3 Qc5 12. Qe2 a6 13. Na4 Qc7 14. f4 Nc6 15.
c3 Ba7 16. Be3 d4 17. cxd4 Nxd4 18. Bxd4 Bxd4 19. Nf2 Bd7 20. Nb2 Bc3+ 21. Kf1
Bxb2 22. Qxb2 b5 23. Ne4 Ne7 24. Nd6+ Kf8 25. Qa3 Bc6 26. Rc3 Rb8 27. Qc5 Qb6
28. Ke2 Qxc5 29. Rxc5 g6 30. Kf2 Kg7 31. Rhc1 Rb6 32. g3 f6 33. Ke3 fxe5 34.
fxe5 Rf8 35. Be4 Bxe4 36. Kxe4 Nd5 37. Rc6 Rfb8 38. Kd4 b4 39. Ne4 b3 40. Rxb6
Rxb6 41. Nc5 Rb4+ 42. Kd3 a5 43. Nxe6+ Kf7 44. Nd4 b2 45. Rb1 a4 46. Rf1+ Ke8
47. Rb1 a3 0-1

[Event "New Zealand Major Open 2016"]
[Site "Devonport, Auckland NZL"]
[Date "2016.01.02"]
[Round "1.17"]
[White "Pakenham, John"]
[Black "Goh, Julien"]
[Result "1-0"]
[WhiteElo "1733"]
[BlackElo "1170"]
[PlyCount "75"]
[EventDate "2016.01.02"]

1. Nf3 d5 2. d4 Nf6 3. c4 e6 4. g3 c6 5. Qc2 Nbd7 6. Bg2 Bb4+ 7. Nbd2 O-O 8.
O-O Re8 9. a3 Bd6 10. b4 b6 11. Bb2 Bb7 12. Rae1 Nf8 13. c5 bxc5 14. bxc5 Bc7
15. Ne5 N6d7 16. f4 f6 17. Nd3 Qe7 18. e4 dxe4 19. Rxe4 Kh8 20. Rfe1 Rab8 21.
Bh3 f5 22. Bxf5 Qf7 23. Bh3 Nf6 24. R4e2 Ba6 25. Nc4 Nd5 26. Nde5 Bxe5 27. Nxe5
Qb7 28. Rf2 Nd7 29. Nf7+ Kg8 30. Nd6 Qc7 31. Nxe8 Rxe8 32. Rxe6 Rxe6 33. Bxe6+
Kh8 34. Bxd5 cxd5 35. Bc3 Nf6 36. Qf5 Bc8 37. Qe5 Qxe5 38. fxe5 1-0

[Event "New Zealand Major Open 2016"]
[Site "Devonport, Auckland NZL"]
[Date "2016.01.02"]
[Round "1.18"]
[White "Braganza, Nadia"]
[Black "George, Sandeep"]
[Result "0-1"]
[WhiteElo "1129"]
[BlackElo "1710"]
[PlyCount "102"]
[EventDate "2016.01.02"]

1. e4 e5 2. Nf3 Nf6 3. Nxe5 d6 4. Nf3 Nxe4 5. d4 d5 6. Bd3 Be7 7. O-O O-O 8. c4
Nc6 9. Be3 Nb4 10. cxd5 Nxd3 11. Qxd3 Nf6 12. Nc3 Nxd5 13. Nxd5 Qxd5 14. Rfd1
Bf5 15. Qc3 Be4 16. Bf4 Bxf3 17. Qxf3 Qxf3 18. gxf3 Rac8 19. Rac1 c6 20. Kf1 g5
21. Be3 f5 22. f4 gxf4 23. Bxf4 Rfd8 24. Be5 Rd5 25. f4 Rcd8 26. Ke2 Kf7 27.
Ke3 Bd6 28. Bxd6 R8xd6 29. Ke2 Rh6 30. Rh1 Rxd4 31. Ke3 Re4+ 32. Kf3 Rh3+ 33.
Kg2 Rhe3 34. Rhf1 Re2+ 35. Rf2 Rxf2+ 36. Kxf2 Rxf4+ 37. Ke3 Rh4 38. Rc2 Ke6 39.
Re2 Re4+ 40. Kf3 Rxe2 41. Kxe2 Ke5 42. Ke3 a5 43. a4 b5 44. axb5 cxb5 45. h3 a4
46. h4 h5 47. Ke2 b4 48. Kd3 f4 49. Kd2 a3 50. bxa3 bxa3 51. Kc3 f3 0-1

[Event "New Zealand Major Open 2016"]
[Site "Devonport, Auckland NZL"]
[Date "2016.01.02"]
[Round "1.19"]
[White "Jacobs, Hilton J"]
[Black "Ang, Beatrice Sze Ning"]
[Result "1-0"]
[WhiteElo "1704"]
[BlackElo "1072"]
[PlyCount "81"]
[EventDate "2016.01.02"]

1. e4 e5 2. Nf3 Nc6 3. Bb5 d6 4. d4 Bg4 5. d5 Bd7 6. dxc6 Bxc6 7. Bxc6+ bxc6 8.
c4 Nf6 9. Nc3 h6 10. O-O Be7 11. Qc2 O-O 12. Rd1 Re8 13. Nxe5 c5 14. Nc6 Qc8
15. Nd5 Nxd5 16. exd5 Qd7 17. b3 Bf6 18. Rb1 a6 19. Be3 Qg4 20. h3 Qg6 21. Qxg6
fxg6 22. b4 cxb4 23. Rxb4 Bc3 24. Rb7 Rac8 25. Ra7 Bf6 26. Rxa6 Ra8 27. Rxa8
Rxa8 28. Ba7 Re8 29. a4 Re4 30. Bd4 Bxd4 31. Rxd4 Rxd4 32. Nxd4 Kf7 33. a5 Kf6
34. a6 Ke5 35. Ne6 Kf6 36. a7 Ke5 37. a8=Q Ke4 38. Qa3 Ke5 39. Qc3+ Kf5 40. g4+
Ke4 41. f3# 1-0

[Event "New Zealand Major Open 2016"]
[Site "Devonport, Auckland NZL"]
[Date "2016.01.02"]
[Round "1.20"]
[White "Fu, Alex"]
[Black "Cooper, Nigel"]
[Result "0-1"]
[WhiteElo "1034"]
[BlackElo "1692"]
[PlyCount "60"]
[EventDate "2016.01.02"]

1. d4 d5 2. e3 Nf6 3. c4 e6 4. Nf3 c5 5. a3 Nc6 6. Nc3 cxd4 7. Nxd4 a6 8. Nf3
Be7 9. Be2 O-O 10. O-O dxc4 11. Bxc4 b5 12. Bd3 Bb7 13. Qc2 Qc7 14. Rd1 Ne5 15.
Ne1 Rac8 16. Be2 Neg4 17. g3 Ne5 18. f3 Nc4 19. Kf2 Rfd8 20. Nd3 Nxa3 21. Qb3
Nc4 22. Bd2 Qc6 23. Rf1 Nxd2 24. Qd1 Nxf1 25. Kxf1 Nd5 26. Qd2 Nb4 27. Kf2
Nxd3+ 28. Bxd3 Qxf3+ 29. Ke1 Qh1+ 30. Bf1 Rxd2 0-1

[Event "New Zealand Major Open 2016"]
[Site "Devonport, Auckland NZL"]
[Date "2016.01.02"]
[Round "1.21"]
[White "Goh, Ethan"]
[Black "Zhang, Toby"]
[Result "1-0"]
[WhiteElo "1668"]
[BlackElo "937"]
[PlyCount "79"]
[EventDate "2016.01.02"]

1. e4 c5 2. Nf3 e6 3. d3 a6 4. g3 Qc7 5. Bg2 b5 6. O-O Bb7 7. Re1 Nc6 8. Nbd2
d6 9. c3 Nf6 10. Qe2 Be7 11. Nf1 O-O 12. h4 Ne5 13. N1h2 Ng6 14. g4 Nf4 15.
Bxf4 e5 16. Be3 d5 17. g5 Nh5 18. exd5 Bxd5 19. Nxe5 Bxg2 20. Kxg2 Qxe5 21.
Qxh5 Bd6 22. Nf3 Qf5 23. d4 Rfe8 24. dxc5 g6 25. Nd4 Qxc5 26. Qf3 Rad8 27. Ne6
Qc8 28. Nxd8 Qxd8 29. Bd4 Be7 30. Re2 Rf8 31. Rae1 Re8 32. Rxe7 Rxe7 33. Bf6
Qc8 34. Rxe7 a5 35. Qe4 Kf8 36. Re8+ Qxe8 37. Bg7+ Kxg7 38. Qxe8 h5 39. gxh6+
Kxh6 40. Qh8# 1-0

[Event "New Zealand Major Open 2016"]
[Site "Devonport, Auckland NZL"]
[Date "2016.01.02"]
[Round "1.22"]
[White "Barry, Jacob"]
[Black "Charles, Dion"]
[Result "0-1"]
[WhiteElo "911"]
[BlackElo "1629"]
[PlyCount "64"]
[EventDate "2016.01.02"]

1. e4 d5 2. exd5 Qxd5 3. Nc3 Qa5 4. Nf3 Nf6 5. h3 Bf5 6. Nd4 Qe5+ 7. Nce2 Bg6
8. Nf3 Qd6 9. d4 e6 10. Bf4 Qd8 11. Nc3 c6 12. Bg5 Be7 13. Qe2 O-O 14. O-O-O
Nbd7 15. Ne5 b5 16. g4 Qc7 17. h4 b4 18. Bf4 Qb7 19. Na4 c5 20. Rg1 cxd4 21.
Bg2 Nd5 22. h5 Nxf4 23. Bxb7 Nxe2+ 24. Kb1 Bxc2+ 25. Kxc2 Nxe5 26. Bxa8 Nxg1
27. Rxg1 Rxa8 28. Rd1 Rd8 29. Rg1 d3+ 30. Kd1 d2 31. b3 Rc8 32. Nb2 Rc1+ 0-1

[Event "New Zealand Major Open 2016"]
[Site "Devonport, Auckland NZL"]
[Date "2016.01.02"]
[Round "1.23"]
[White "Calitz, Hananke"]
[Black "Oka, Tsukasa"]
[Result "1-0"]
[WhiteElo "1612"]
[BlackElo "599"]
[PlyCount "61"]
[EventDate "2016.01.02"]

1. e4 e5 2. Nf3 Nc6 3. Nc3 Nf6 4. Bc4 Bc5 5. d3 O-O 6. Bg5 h6 7. Bh4 g5 8. Bg3
d6 9. h3 a6 10. a4 Na5 11. Ba2 Bb4 12. Qd2 Bd7 13. Nxg5 Nd5 14. Nxf7 Rxf7 15.
Bxd5 Qf6 16. Bxf7+ Kxf7 17. O-O Rg8 18. f4 Ke8 19. fxe5 Qg7 20. Rf3 Nc6 21. d4
Ne7 22. Qf4 Rf8 23. Qxf8+ Qxf8 24. Rxf8+ Kxf8 25. exd6 cxd6 26. Ne2 h5 27. c3
Ba5 28. Bxd6 h4 29. Nf4 Kf7 30. Bxe7 Kxe7 31. Ng6+ 1-0

[Event "New Zealand Major Open 2016"]
[Site "Devonport, Auckland NZL"]
[Date "2016.01.02"]
[Round "1.24"]
[White "Oka, Itsuki"]
[Black "Wang, Aaron Ziwen"]
[Result "0-1"]
[WhiteElo "362"]
[BlackElo "1597"]
[PlyCount "74"]
[EventDate "2016.01.02"]

1. d4 Nf6 2. c4 g6 3. Nc3 Bg7 4. Bf4 d6 5. e3 O-O 6. Nf3 Nbd7 7. Qd2 Re8 8. Rd1
b6 9. Na4 Bb7 10. Rc1 Ne4 11. Qc2 e5 12. Bg3 Nxg3 13. hxg3 exd4 14. Qd3 dxe3
15. fxe3 Nc5 16. Nxc5 dxc5 17. b3 Qxd3 18. Bxd3 Rxe3+ 19. Kd2 Rae8 20. Rce1 Bd4
21. Re2 Bxf3 22. gxf3 R8e6 23. f4 Rxe2+ 24. Bxe2 Re3 25. Rg1 Rxe2+ 26. Kxe2
Bxg1 27. Kf3 f5 28. a4 c6 29. g4 a6 30. gxf5 gxf5 31. Kg2 Bd4 32. Kh3 b5 33. a5
bxc4 34. bxc4 Bc3 35. Kg2 Bxa5 36. Kf2 Bc3 37. Ke2 h5 0-1